000 00412ntaaa2200169 4500
003 01
005 20251027201554.0
008 0714s1973 ag 01
040 _aAR-BaBN
_bspa
_cAR-BaBN
_eaacr
_dRIC
082 _a230.0000 D51
100 _aDeWolf, L. Harold
245 _aTheology of the Living Church
250 _arev. ed. :
_bHarper and Row,
_cc/960
300 _a383 p.
650 _aTeologĂ­a
942 _cBK
999 _c10308
_d10308